000 00294nam a22001337a 4500
008 171023b xxu||||| |||| 00| 0 eng d
020 _a9780077813840
041 _aeng
080 _a338
100 _a54
101 _aMO
245 _aOPERATIONS MANAGEMENT
_cSTEVENSON, W.J
942 _2udc
_cBK
999 _c35451
_d35451